000 00833nam a22002657a 4500
003 dpl
005 20180622120321.0
008 180622b xxu||||| |||| 00| 0 eng d
010 _aA-945307
020 _c00.00
_a8171695418
035 _aA-945307, A-945312
037 _bCen Lib/Ret
040 _aDPL
_bEN
_c0
082 _a658.7
_bCHO
100 _aChoudhary, A. K
_933878
245 _aPurchasing and supply management /
_cby A. K. Choudhary
250 _a1st ed
260 _aNew Delhi
_bCommonwealth Publishers
_c1999
270 _a4831/24, Prahlad Street, Ansari Road, Darya Ganj
_bNew Delhi
_e110002
300 _av,317p.
_c21cm(Hb)
500 _aIncludes index
650 _aPurchasing, supply
_933879
650 _aLegal aspects of purchasing
_933880
942 _2ddc
_cEN
_h658.7
_mCHO
999 _c132166
_d132166